Competencias profesionales en la auditoría externa (Registro nro. 16854)
[ vista simple ]
| 000 -LEADER | |
|---|---|
| fixed length control field | 00430 a2200133 4500 |
| 001 - CONTROL NUMBER | |
| control field | ART_7326 |
| 005 - DATE AND TIME OF LATEST TRANSACTION | |
| control field | 20260410161720.0 |
| 008 - FIXED-LENGTH DATA ELEMENTS--GENERAL INFORMATION | |
| fixed length control field | 260409a |
| 100 1# - MAIN ENTRY--PERSONAL NAME | |
| Personal name | Sanchez Henriquez, Jorge |
| 245 10 - TITLE STATEMENT | |
| Title | Competencias profesionales en la auditoría externa |
| 700 1# - ADDED ENTRY--PERSONAL NAME | |
| Personal name | Sálas Avila, José |
| 700 1# - ADDED ENTRY--PERSONAL NAME | |
| Personal name | Rodríguez Bustamante, Carla |
| 773 0# - HOST ITEM ENTRY | |
| Title | Contabilidad y auditoría |
| Related parts | - Año 12, Nº 24 (dic. 2006) |
| Record control number | REV1723 |
No hay ítems disponibles.